Superheroes by Browser History Quiz Stats

 Plays Quiz Updated Jan 30, 2018

Score 0/15 Timer 08:00
3 Plays Today
% Correct
The Incredible Hulk
94.5%
Spider-Man
93.7%
Catwoman
89.3%
Wonder Woman
89.1%
Aquaman
87.2%
Thor
86.3%
Lex Luthor
78.5%
Ghost Rider
78.1%
% Correct
Daredevil
75.5%
Storm
75.1%
Mr. Freeze
72.1%
Punisher
70%
Wolverine
67.2%
Hellboy
66.9%
Invisible Woman
60.4%

You're not logged in!

Compare scores with friends on all Sporcle quizzes.
OR
Log In

Sporcle TV

Today on Sporcle TV


Watch our educational content, quiz creation guides, and fun videos on Sporcle TV.

Show Comments

Extras

Top Quizzes Today


Score Distribution

Your Account Isn't Verified!

In order to create a playlist on Sporcle, you need to verify the email address you used during registration. Go to your Sporcle Settings to finish the process.

Report this User

Report this user for behavior that violates our Community Guidelines.

Details: